Manufacturing management and decision support systems (Record no. 35989)
[ view plain ]
| 000 -LEADER | |
|---|---|
| fixed length control field | 00301 a2200109 4500 |
| 000 - LEADER | |
| fixed length control field | nam a22 7a 4500 |
| 020 ## - INTERNATIONAL STANDARD BOOK NUMBER | |
| International Standard Book Number | 9789391502492 |
| 100 ## - MAIN ENTRY--PERSONAL NAME | |
| Personal name | Tomasi,Omar Mei |
| 9 (RLIN) | 103 |
| 245 ## - TITLE STATEMENT | |
| Title | Manufacturing management and decision support systems |
| 260 ## - PUBLICATION, DISTRIBUTION, ETC. | |
| Name of publisher, distributor, etc. | Knowledge Bakers |
| Date of publication, distribution, etc. | 2023 |
| 264 ## - PRODUCTION, PUBLICATION, DISTRIBUTION, MANUFACTURE, AND COPYRIGHT NOTICE | |
| Name of producer, publisher, distributor, manufacturer | Knowledge Bakers |
No items available.